Recopilación de legislación del estado chileno para los pueblos indigenas 1813-2006
Uloženo v:
| Hlavní autoři: | , |
|---|---|
| Médium: | Kniha |
| Jazyk: | španělština |
| Vydáno: |
Santiago
Librotecnia
2007
|
| Vydání: | 1a. ed |
| Témata: | |
| Tagy: |
Přidat tag
Žádné tagy, Buďte první, kdo vytvoří štítek k tomuto záznamu!
|
MARC
| LEADER | 00000nam a2200000 a 4500 | ||
|---|---|---|---|
| 001 | UCI2610 | ||
| 003 | CL-VaPUC | ||
| 008 | 070831e20070000CL |||||||||||||||||spa|d | ||
| 020 | |a 9789567950522 | ||
| 082 | 0 | 4 | |a 342.087 |b VAL |2 21 |
| 100 | 0 | |a Valenzuela Reyes, Mylene |e author |9 523663 | |
| 700 | 0 | |a Oliva Fuentealba, Sergio |e author |9 523664 | |
| 245 | 1 | 0 | |a Recopilación de legislación del estado chileno para los pueblos indigenas 1813-2006 |
| 250 | |a 1a. ed | ||
| 300 | |a 575 p | ||
| 942 | |c BK | ||
| 945 | |d 20070831 00:00:00 |a jtorresc | ||
| 260 | |a Santiago |b Librotecnia |c 2007 | ||
| 650 | 0 | |a Derechos civiles |9 255655 | |
| 650 | 0 | |a Derechos humanos |9 223025 | |
| 650 | 0 | |a Desarrollo social |9 264534 | |
| 650 | 0 | |a Políticas sociales |9 358116 | |
| 650 | 0 | |a Pueblos indígenas |9 357564 | |
| 583 | |a last modification |c 20070831 00:00:00 |k Rodrigo Vera | ||
| 999 | |c 327097 |d 327095 | ||
| 952 | |0 0 |1 0 |4 0 |6 342_087000000000000_VAL_2007 |7 0 |8 A |9 409534 |a BIBDER |b BIBDER |d 2019-11-22 |i 436791K |o 342.087 VAL 2007 |p 436791K |r 2023-01-25 |w 2019-11-22 |y BK |k DER | ||